Acoustic and Elastic Properties of Cu[3]Au Alloyin in the Field of High Temperature; Applied Mechanics and Materials; Vol. 770 : Urgent Problems of Up-to-Date Mechanical Engineering

Bibliographic Details
Parent link:Applied Mechanics and Materials: Scientific Journal
Vol. 770 : Urgent Problems of Up-to-Date Mechanical Engineering.— 2015.— [P. 179-184]
Main Author: Tesleva E. P. Elena Pavlovna
Corporate Author: Национальный исследовательский Томский политехнический университет (ТПУ) Юргинский технологический институт (филиал) (ЮТИ) Кафедра естественного научного образования (ЕНО)
Summary:Title screen
The article studies the elastic properties of anisotropy and interatomic anharmonicity in a two-component Cu3Au alloy with positional order-disorder within the high temperature interval of 300 К and 725 К. It provides calculations on velocities of purely transverse and longitudinal elastic waves, elastic moduli (Young’s, shear, adiabatic bulk moduli) and Poisson’s ratios based on the stiffness constants с[ij](T) of the crystal. Sound velocity values were employed for determining the temperature changes of Gruneisen parameter along the crystallographic directions [100], [110] and [111].
Режим доступа: по договору с организацией-держателем ресурса
Language:English
Published: 2015
Series:Materials Science in Mechanical Engineering
Subjects:
Online Access:http://dx.doi.org/10.4028/www.scientific.net/AMM.770.179
Format: Electronic Book Chapter
KOHA link:https://koha.lib.tpu.ru/cgi-bin/koha/opac-detail.pl?biblionumber=643366

MARC

LEADER 00000nla2a2200000 4500
001 643366
005 20231102025248.0
035 |a (RuTPU)RU\TPU\network\8358 
035 |a RU\TPU\network\8356 
090 |a 643366 
100 |a 20150908a2015 k y0engy50 ba 
101 0 |a eng 
105 |a a z 101zy 
135 |a drcn ---uucaa 
181 0 |a i  
182 0 |a b 
200 1 |a Acoustic and Elastic Properties of Cu[3]Au Alloyin in the Field of High Temperature  |f E. P. Tesleva 
203 |a Text  |c electronic 
225 1 |a Materials Science in Mechanical Engineering 
300 |a Title screen 
330 |a The article studies the elastic properties of anisotropy and interatomic anharmonicity in a two-component Cu3Au alloy with positional order-disorder within the high temperature interval of 300 К and 725 К. It provides calculations on velocities of purely transverse and longitudinal elastic waves, elastic moduli (Young’s, shear, adiabatic bulk moduli) and Poisson’s ratios based on the stiffness constants с[ij](T) of the crystal. Sound velocity values were employed for determining the temperature changes of Gruneisen parameter along the crystallographic directions [100], [110] and [111]. 
333 |a Режим доступа: по договору с организацией-держателем ресурса 
461 0 |0 (RuTPU)RU\TPU\network\5920  |t Applied Mechanics and Materials  |o Scientific Journal 
463 0 |0 (RuTPU)RU\TPU\network\8263  |t Vol. 770 : Urgent Problems of Up-to-Date Mechanical Engineering  |o International conference, December 11-12, 2014, Yurga, Russia  |o [proceedings]  |f National Research Tomsk Polytechnic University (TPU) ; ed. D. A. Chinakhov  |v [P. 179-184]  |d 2015 
610 1 |a электронный ресурс 
610 1 |a труды учёных ТПУ 
610 1 |a упругие волны 
610 1 |a акустические свойства 
610 1 |a упругие свойства 
610 1 |a высокие температуры 
610 1 |a анизотропия 
610 1 |a параметры Грюнайзена 
700 1 |a Tesleva  |b E. P.  |c physicist  |c Associate Professor of Yurga technological Institute of Tomsk Polytechnic University, Candidate of physical and mathematical Sciences  |f 1976-  |g Elena Pavlovna  |2 stltpush  |3 (RuTPU)RU\TPU\pers\33093  |9 16925 
712 0 2 |a Национальный исследовательский Томский политехнический университет (ТПУ)  |b Юргинский технологический институт (филиал) (ЮТИ)  |b Кафедра естественного научного образования (ЕНО)  |h 7134  |2 stltpush  |3 (RuTPU)RU\TPU\col\18894 
801 2 |a RU  |b 63413507  |c 20150908  |g RCR 
856 4 0 |u http://dx.doi.org/10.4028/www.scientific.net/AMM.770.179 
942 |c CF